Plato's Republic / (Record no. 36450)
[ view plain ]
| 000 -LEADER | |
|---|---|
| fixed length control field | 00898nam a2200289 a 4500 |
| 001 - CONTROL NUMBER | |
| control field | 36450 |
| 003 - CONTROL NUMBER IDENTIFIER | |
| rucl marc code | BD-RjUL |
| 005 - DATE AND TIME OF LATEST TRANSACTION | |
| control field | 20211209052504.0 |
| 008 - FIXED-LENGTH DATA ELEMENTS--GENERAL INFORMATION | |
| fixed length control field | 140624r19611935enk 000 0 eng d |
| 035 ## - SYSTEM CONTROL NUMBER | |
| System control number | (BD-RjUL)36550 |
| 040 ## - CATALOGING SOURCE | |
| Original cataloging agency | DLC |
| Language of cataloging | eng |
| Transcribing agency | DLC |
| Modifying agency | BD-RjUL |
| 041 1# - LANGUAGE CODE | |
| Language code of text/sound track or separate title | eng |
| Language code of original | grc |
| 082 04 - DEWEY DECIMAL CLASSIFICATION NUMBER | |
| Classification number | 321.07 |
| Author mark and year | PLP 1961 |
| 099 ## - LOCAL FREE-TEXT CALL NUMBER (OCLC) | |
| Bangla Class number | *ML A.8AD.PLA7 - 5REP-S - D5 |
| 100 0# - MAIN ENTRY--PERSONAL NAME | |
| Personal name | Plato. |
| 9 (RLIN) | 110970 |
| 245 14 - TITLE STATEMENT | |
| Title | Plato's Republic / |
| Statement of responsibility, etc. | translated with an introduction by A. D. Lindsay |
| 246 3# - VARYING FORM OF TITLE | |
| Title proper/short title | Plato's Republic |
| 260 ## - PUBLICATION, DISTRIBUTION, ETC. (IMPRINT) | |
| Place of publication, distribution, etc. | London : |
| Name of publisher, distributor, etc. | Dent, |
| Date of publication, distribution, etc. | 1935 [reprinted 1961]. |
| 300 ## - PHYSICAL DESCRIPTION | |
| Pagination | xlii, 325 p. ; |
| Size | 18 cm |
| 650 #0 - SUBJECT ADDED ENTRY--TOPICAL TERM | |
| Topical term or geographic name as entry element | Utopias |
| Form subdivision | Early works to 1800 |
| 9 (RLIN) | 62155 |
| Topical term or geographic name as entry element | Political science |
| Form subdivision | Early works to 1800 |
| 9 (RLIN) | 62154 |
| 700 1# - ADDED ENTRY--PERSONAL NAME | |
| Personal name | Lindsay, A. D. |
| Fuller form of name | (Alexander Dunlop), |
| Dates associated with a name | 1879-1952. |
| 830 #0 - SERIES ADDED ENTRY--UNIFORM TITLE | |
| Volume number/sequential designation | 64 |
| 830 #0 - SERIES ADDED ENTRY--UNIFORM TITLE | |
| Uniform title | Everyman's library ; |
| 942 ## - ADDED ENTRY ELEMENTS (KOHA) | |
| Source of classification or shelving scheme | Dewey Decimal Classification |
| Koha item type | Books |
| Lost status | Source of classification or shelving scheme | Damaged status | Not for loan | Collection code | Permanent Location | Current Location | Shelving location | Date acquired | Total Checkouts | Full call number | Date last seen | Copy number | Koha item type | Source of acquisition | Cost, normal purchase price | Date checked out |
|---|---|---|---|---|---|---|---|---|---|---|---|---|---|---|---|---|
| Dewey Decimal Classification | Not For Loan | Non-fiction | Central Library, University of Rajshahi | Central Library, University of Rajshahi | 24/06/2014 | 321.07 PLP 1961 | 24/06/2014 | C-1 | Books | |||||||
| Dewey Decimal Classification | Non-fiction | Central Library, University of Rajshahi | Central Library, University of Rajshahi | 04/03/1963 | 2 | 321.07 PLP 1961 | 13/08/2025 | C-2 | Books | Zeitlinger | 0.00 | 31/07/2025 | ||||
| Dewey Decimal Classification | Non-fiction | Central Library, University of Rajshahi | Central Library, University of Rajshahi | 04/03/1963 | 321.07 PLP 1961 | 29/05/2016 | C-3 | Books | Zeitlinger |